Score 0/22 Timer 02:00
0 Plays Today
Movie Title Missing Word % Correct
The Good, the _____ the UglyBad
98.2%
Million Dollar _____Baby
96.5%
_____ TorinoGran
83.9%
_____ from AlcatrazEscape
81.1%
Dirty _____Harry
74.9%
The Bridges of _____ CountyMadison
69.1%
A Fistful of _____Dollars
67.6%
_____ 'Em HighHang
61.6%
In the _____ of FireLine
56.8%
The _____ Josey WalesOutlaw
45.9%
Every Which Way But _____Loose
44.7%
Movie Title Missing Word % Correct
Paint Your _____Wagon
43.5%
_____ CadillacPink
43.2%
_____ CowboysSpace
42.6%
Honkytonk _____Man
32.3%
_____ ImpactSudden
28.7%
_____ RiderPale
25.9%
Coogan's _____Bluff
22.4%
_____ ForceMagnum
19.3%
True _____Crime
18.7%
A Perfect _____World
6.8%
_____ HeatCity
5.5%

Today's Daily Dose

Missing Word
I Hardly Know Her!

Word Ladder
Sentence Ending

Quick Pick
Female Firsts

Get the Picture
Triathlon Sports

Remove Ads.
Support Sporcle.
Get the best of Sporcle when you Go Orange. This ad-free experience offers more features, more stats, and more fun while also helping to support Sporcle. Thank you for becoming a member.

You're not logged in!

Compare scores with friends on all Sporcle quizzes.
OR
Log In

Show Comments

Extras

Top Quizzes Today


Score Distribution

Your Account Isn't Verified!

In order to create a playlist on Sporcle, you need to verify the email address you used during registration. Go to your Sporcle Settings to finish the process.

Report this User

Report this user for behavior that violates our Community Guidelines.

Details: